[Event "Eupen op"]
[Site "Eupen"]
[Date "2006.12.09"]
[Round "2"]
[White "Dorr, Yannick"]
[Black "Fuest, Bernd"]
[Result "1-0"]
[WhiteElo "1249"]
[BlackElo "1538"]
[PlyCount "189"]
[EventDate "2006.12.08"]
[EventType "swiss"]
[EventRounds "7"]
[EventCountry "BEL"]
[SourceTitle "CBM 115 Extra"]
[Source "ChessBase"]
[SourceDate "2007.01.10"]
[SourceVersion "1"]
[SourceVersionDate "2007.01.10"]
[SourceQuality "1"]

1. e4 c5 2. Nf3 d6 3. Bc4 Bg4 4. 0-0 Nf6 5. d3 e6 6. Bg5 Be7 7. Nbd2 0-0 8. Qe2 Nc6 9. Qe3 h6 10. Bh4 Na5 11. Qf4 Bh5 12. e5 dxe5 13. Qxe5 Nxc4 14. dxc4 Bg6 15. Bxf6 Bxf6 16. Qxc5 b6 17. Qe3 Bxb2 18. Rab1 Bf6 19. Rbc1 Bh5 20. Rfd1 Qc7 21. Ne4 Be7 22. Rd4 Rfd8 23. Rcd1 Rxd4 24. Rxd4 Rd8 25. Rxd8+ Qxd8 26. Qd3 Bg6 27. Qxd8+ Bxd8 28. Nfd2 Be7 29. c3 f5 30. Ng3 Bf6 31. Ne2 e5 32. Kf1 Bg5 33. Nf3 Bf6 34. Nd2 e4 35. Nf4 Bf7 36. Nd5 Bxd5 37. cxd5 Bxc3 38. Nc4 Kf8 39. Nd6 Be5 40. Nxf5 Ke8 41. h3 h5 42. Ke2 g6 43. Nh4 g5 44. Nf5 g4 45. hxg4 hxg4 46. Ke3 b5 47. Kxe4 Bc7 48. Nh6 g3 49. f3 b4 50. f4 a5 51. f5 a4 52. Kd4 Be5+ 53. Kc4 Bd6 54. f6 b3 55. axb3 axb3 56. Kxb3 Bf4 57. Nf5 Kf7 58. Kc4 Kxf6 59. Nd4 Bd6 60. Kb5 Ke5 61. Kc6 Bb4 62. Nf3+ Kf4 63. d6 Ke3 64. d7 Ba5 65. Kb7 Kf2 66. Nd4 Bd8 67. Ne6 Bf6 68. Nf4 Bg5 69. Kc6 Ke3 70. Nh3 Bd8 71. Kd5 Ke2 72. Ke4 Bc7 73. Kd5 Kf1 74. Nf4 Bd8 75. Kc6 Kf2 76. Kb7 Ke3 77. Nh3 Ke2 78. Kc8 Be7 79. d8Q Bxd8 80. Kxd8 Kf1 81. Nf4 Kf2 82. Ke7 Ke3 83. Nh3 Kd4 84. Ke6 Ke4 85. Kf6 Kd5 86. Kg5 Ke6 87. Kg4 Kf7 88. Kxg3 Kg7 89. Kf4 Kf6 90. g4 Kf7 91. Kf5 Kf8 92. Kf6 Kg8 93. g5 Kf8 94. g6 Kg8 95. g7 1-0